[Event "Open Portugal 2019"]
[Site "Lisboa POR"]
[Date "2019.02.02"]
[Round "1.112"]
[White "Maissa, Susana"]
[Black "Huse, Sigurd"]
[Result "0-1"]
[WhiteElo "1293"]
[BlackElo "2080"]
[WhiteFideId "1954202"]
[BlackFideId "1520717"]
[WhiteCountry "POR"]
[BlackCountry "NOR"]
[PlyCount "118"]
[EventDate "2019.02.02"]

1. Nf3 d5 2. b3 c5 3. Bb2 Nc6 4. e3 Bg4 5. Be2 Nf6 6. O-O e6 7. d4 Be7 8. Nbd2
O-O 9. Ne5 Bxe2 10. Qxe2 Qb6 11. c4 Nxe5 12. dxe5 Nd7 13. f4 f6 14. exf6 Bxf6
15. Bxf6 Nxf6 16. e4 Nxe4 17. Nxe4 dxe4 18. Qxe4 Rad8 19. Rae1 Rd6 20. Rf2 Qc6
21. Qxc6 Rxc6 22. g3 Rd6 23. Rfe2 Kf7 24. Re5 b6 25. Rf1 g6 26. Kg2 Rfd8 27. Re2
Rd4 28. Kf3 R8d6 29. Rfe1 Kf6 30. Re5 Rd2 31. R1e2 Rd1 32. Re1 h5 33. h4 Rxe1
34. Rxe1 Rd2 35. Re2 Rd3+ 36. Re3 Rd1 37. Re2 a6 38. Kf2 Rd3 39. Re3 Rd1 40. Re2
a5 41. Kf3 a4 42. Kf2 a3 43. Re1 Rd2+ 44. Re2 Rb2 45. Kf3 Rb1 46. Kf2 Rd1 47.
Kf3 Rc1 48. Kf2 Rb1 49. Kf3 Rb2 50. Kf2 Kf5 51. Kf3 Rxe2 52. Kxe2 Ke4 53. Kd2
Kf3 54. Kd3 Kxg3 55. Ke4 Kxh4 56. Ke5 Kg4 57. Kd6 h4 58. Kc6 h3 59. Kxb6 h2 0-1

[Event "Open Portugal 2019"]
[Site "Lisboa POR"]
[Date "2019.02.02"]
[Round "1.113"]
[White "Fernandes, Alberto"]
[Black "Costa, Fábio"]
[Result "1/2-1/2"]
[WhiteElo "2072"]
[BlackElo "1279"]
[WhiteFideId "1900277"]
[BlackFideId "1961063"]
[WhiteTitle "NM"]
[WhiteCountry "POR"]
[BlackCountry "POR"]
[PlyCount "92"]
[EventDate "2019.02.02"]

1. e4 c6 2. d4 d5 3. Nd2 dxe4 4. Nxe4 Nd7 5. Bc4 Ngf6 6. Ng5 e6 7. Qe2 Nb6 8.
N1f3 Nxc4 9. Qxc4 h6 10. Nh3 Bd6 11. Nf4 Qc7 12. Nd3 O-O 13. O-O b6 14. Nde5 c5
15. c3 Bb7 16. Bf4 Bxf3 17. gxf3 cxd4 18. Qxc7 Bxc7 19. cxd4 Rac8 20. Be3 Rfd8
21. Rac1 Bxe5 22. dxe5 Nd5 23. Bd2 Ne7 24. Rxc8 Rxc8 25. Rc1 Rxc1+ 26. Bxc1 Nd5
27. Bd2 a6 28. a4 Kh7 29. f4 Kg6 30. Kg2 Kf5 31. Kf3 f6 32. exf6 gxf6 33. b3 h5
34. h3 h4 35. Be3 b5 36. axb5 axb5 37. Bd2 e5 38. fxe5 fxe5 39. Be3 e4+ 40. Ke2
Nxe3 41. Kxe3 Ke5 42. f4+ exf3 43. Kxf3 b4 44. Ke3 Kd5 45. Kd3 Ke5 46. Ke3 Kd5
1/2-1/2

[Event "Open Portugal 2019"]
[Site "Lisboa POR"]
[Date "2019.02.02"]
[Round "1.114"]
[White "Gama, João Tiago"]
[Black "Fernández Montero, Francisco M."]
[Result "0-1"]
[WhiteElo "1273"]
[BlackElo "2070"]
[WhiteFideId "1961160"]
[BlackFideId "2230666"]
[WhiteCountry "POR"]
[BlackCountry "ESP"]
[PlyCount "62"]
[EventDate "2019.02.02"]

1. d4 f5 2. Nf3 Nf6 3. Bf4 e6 4. e3 d6 5. Bd3 Nc6 6. c3 Bd7 7. Nbd2 Qe7 8. h3 e5
9. Bg5 e4 10. Bxf6 gxf6 11. d5 Nd8 12. Bc2 exf3 13. Qxf3 Nf7 14. Bxf5 O-O-O 15.
O-O Ne5 16. Qf4 Rg8 17. b4 Kb8 18. Bxd7 Rxd7 19. Ne4 Bg7 20. a4 Qf7 21. Rfd1 Qg6
22. Ng3 Bh6 23. Qd4 f5 24. c4 Rf7 25. c5 f4 26. cxd6 cxd6 27. Qe4 fxg3 28. Qxg6
gxf2+ 29. Kf1 Rxg6 30. e4 Nc4 31. Ra2 Ne3+ 0-1

[Event "Open Portugal 2019"]
[Site "Lisboa POR"]
[Date "2019.02.02"]
[Round "1.116"]
[White "Bártolo, Diogo"]
[Black "Harshal, Shahi"]
[Result "0-1"]
[WhiteElo "1226"]
[BlackElo "2064"]
[WhiteFideId "1946757"]
[BlackFideId "5048257"]
[BlackTitle "FM"]
[WhiteCountry "POR"]
[BlackCountry "IND"]
[PlyCount "58"]
[EventDate "2019.02.02"]

1. e4 c5 2. Nf3 Nc6 3. d4 cxd4 4. Nxd4 e6 5. Nc3 Qc7 6. a3 a6 7. b4 Nxb4 8. Bb2
Nc6 9. Nf3 Nf6 10. Bd3 Be7 11. O-O O-O 12. Re1 d6 13. h3 b5 14. Ne2 h6 15. Ng3
Bb7 16. e5 dxe5 17. Nxe5 Rad8 18. Nh5 Rd5 19. Nxc6 Nxh5 20. Nxe7+ Qxe7 21. Qf3
Rg5 22. Be4 Bxe4 23. Rxe4 Rc8 24. Rc1 Qb7 25. Qd3 Nf4 26. Qf3 Nxg2 27. Kh1 Nh4
28. Qe3 f5 29. Rg1 Qxe4+ 0-1

[Event "Open Portugal 2019"]
[Site "Lisboa POR"]
[Date "2019.02.02"]
[Round "1.117"]
[White "Guerreiro, Nuno"]
[Black "Anfinsen, Marius"]
[Result "1-0"]
[WhiteElo "2064"]
[BlackElo "1113"]
[WhiteFideId "1903012"]
[BlackFideId "1546414"]
[WhiteCountry "POR"]
[BlackCountry "NOR"]
[PlyCount "41"]
[EventDate "2019.02.02"]

1. Nf3 c5 2. g3 Nc6 3. Bg2 Nf6 4. c4 e6 5. O-O Be7 6. d4 Nxd4 7. Nxd4 cxd4 8.
Qxd4 d5 9. cxd5 exd5 10. Nc3 Be6 11. Rd1 Qa5 12. Be3 O-O 13. Rac1 Bb4 14. a3
Bxc3 15. Rxc3 Ne4 16. Bxe4 dxe4 17. Qxe4 Bh3 18. Rc5 Rfd8 19. Rdc1 Qxc5 20. Bxc5
Rac8 21. Qh4 1-0

[Event "Open Portugal 2019"]
[Site "Lisboa POR"]
[Date "2019.02.02"]
[Round "1.125"]
[White "Marcos Herrero, Francisco"]
[Black "Korneev Leskova, Svyatoslav"]
[Result "1-0"]
[WhiteElo "1837"]
[BlackElo "2223"]
[WhiteFideId "2279045"]
[BlackFideId "22267565"]
[WhiteCountry "ESP"]
[BlackCountry "ESP"]
[PlyCount "103"]
[EventDate "2019.02.02"]

1. d4 e6 2. Nf3 f5 3. g3 Nf6 4. Bg2 d5 5. O-O Bd6 6. c4 c6 7. Nc3 Qe7 8. Qc2 O-O
9. Rb1 Nbd7 10. c5 Bc7 11. Bf4 Bxf4 12. gxf4 Ne4 13. e3 h6 14. Kh1 g5 15. Rg1
Kh8 16. b4 Rg8 17. Ne5 Nxc3 18. Qxc3 g4 19. Bf1 a6 20. Be2 Nxe5 21. dxe5 Rg7 22.
e4 h5 23. exf5 exf5 24. a4 Be6 25. Qd4 a5 26. b5 b6 27. Rbc1 cxb5 28. Bxb5 bxc5
29. Rxc5 Qa7 30. Rb1 h4 31. Bc6 Rc8 32. Bxd5 Rd8 33. Bxe6 Rxd4 34. Rc8+ Kh7 35.
Bxf5+ Kh6 36. Rh8+ Rh7 37. Rxh7+ Qxh7 38. Bxh7 Kxh7 39. f5 h3 40. Re1 Rd8 41.
Kg1 Kh6 42. f3 gxf3 43. Kf2 Kg5 44. f6 Kf5 45. Kxf3 Ke6 46. Re3 Rd4 47. Kg3 Rxa4
48. Rf3 Kf7 49. e6+ Kf8 50. Rc3 Kg8 51. Rc8+ Kh7 52. f7 1-0

[Event "Open Portugal 2019"]
[Site "Lisboa POR"]
[Date "2019.02.03"]
[Round "2.1"]
[White "Cholleti, Sahajasri"]
[Black "Motylev, Alexander"]
[Result "0-1"]
[WhiteElo "2215"]
[BlackElo "2644"]
[WhiteFideId "5045118"]
[BlackFideId "4121830"]
[WhiteTitle "WFM"]
[BlackTitle "GM"]
[WhiteCountry "IND"]
[BlackCountry "RUS"]
[PlyCount "44"]
[EventDate "2019.??.??"]

1. Nf3 d5 2. d4 Nd7 3. c4 e6 4. g3 Ngf6 5. Bg2 dxc4 6. O-O c6 7. a4 a5 8. Qc2 b5
9. b3 cxb3 10. Qxb3 b4 11. Nbd2 Ba6 12. Re1 Be7 13. Nc4 Rc8 14. Bb2 O-O 15. Nfe5
Nxe5 16. Nxe5 c5 17. Nc6 Rxc6 18. Bxc6 c4 19. Qf3 c3 20. Bc1 Qxd4 21. Be3 Qc4
22. Bb6 b3 0-1

[Event "Open Portugal 2019"]
[Site "Lisboa POR"]
[Date "2019.02.03"]
[Round "2.2"]
[White "Iturrizaga, Eduardo"]
[Black "Boucquet, Emile"]
[Result "1-0"]
[WhiteElo "2640"]
[BlackElo "2213"]
[WhiteFideId "3901211"]
[BlackFideId "233161"]
[WhiteTitle "GM"]
[WhiteCountry "VEN"]
[BlackCountry "BEL"]
[PlyCount "103"]
[EventDate "2019.??.??"]

1. c4 e6 2. Nf3 d5 3. g3 Nf6 4. Bg2 dxc4 5. Na3 Bxa3 6. bxa3 Nbd7 7. Qc2 O-O 8.
Bb2 c5 9. O-O Qc7 10. a4 b6 11. Qxc4 Bb7 12. Rfc1 Bd5 13. Qh4 e5 14. a5 Rfe8 15.
d3 Qb7 16. e4 Bc6 17. axb6 axb6 18. g4 h6 19. g5 hxg5 20. Qxg5 Nh7 21. Qg3 Re6
22. Bxe5 Rg6 23. Qf4 Re8 24. h4 Nhf6 25. Bxf6 Nxf6 26. Ng5 Nh7 27. Rab1 Nxg5 28.
hxg5 Qa6 29. Rb3 Bb5 30. Rcc3 Rd8 31. Qc7 Rc8 32. Qf4 Rd8 33. Qe3 Rgd6 34. Ra3
Qc8 35. Bh3 Bd7 36. Bf1 Bc6 37. Be2 Qe6 38. Qg3 Rd4 39. Ra7 g6 40. Qf4 R4d7 41.
Bg4 Qd6 42. Qxd6 Rxd6 43. Be2 R6d7 44. Ra6 Rb8 45. a4 Rd4 46. a5 Ra4 47. Rxb6
Rxb6 48. axb6 Rb4 49. Rxc5 Rxb6 50. f3 Rb1+ 51. Kf2 Bb5 52. d4 1-0

[Event "Open Portugal 2019"]
[Site "Lisboa POR"]
[Date "2019.02.03"]
[Round "2.4"]
[White "Fidalgo, André"]
[Black "Petrov, Nikita"]
[Result "0-1"]
[WhiteElo "2204"]
[BlackElo "2585"]
[WhiteFideId "1933620"]
[BlackFideId "4101286"]
[WhiteTitle "NM"]
[BlackTitle "GM"]
[WhiteCountry "POR"]
[BlackCountry "RUS"]
[PlyCount "116"]
[EventDate "2019.??.??"]

1. d4 Nf6 2. c4 e6 3. Nf3 a6 4. g3 b5 5. Bg2 Bb7 6. b3 c5 7. d5 exd5 8. Nh4 Qc7
9. Bf4 d6 10. cxd5 g6 11. Nc3 Bg7 12. Rc1 b4 13. Na4 Nbd7 14. e4 O-O 15. O-O a5
16. Re1 Rfe8 17. g4 Ne5 18. h3 Nfd7 19. Bg3 Nb6 20. f4 Ned7 21. Nxb6 Qxb6 22.
Nf3 Bc3 23. Rxc3 bxc3 24. e5 c2 25. Qxc2 Bxd5 26. Rd1 Qb7 27. Rxd5 Qxd5 28. Bf2
dxe5 29. Nxe5 Qe6 30. Nxd7 Qxd7 31. Bxa8 Rxa8 32. Qxc5 a4 33. bxa4 Qxa4 34. Qe5
Re8 35. Qf6 Qxa2 36. f5 Qb1+ 37. Kg2 Qd3 38. Qh4 Qe4+ 39. Kg3 Qe5+ 40. Kg2 Qd5+
41. Kg3 Re2 42. Qf6 Qd3+ 43. Kg2 Qe4+ 44. Kg3 Rd2 45. Qb6 Qe5+ 46. Kg2 gxf5 47.
gxf5 Qxf5 48. Qe3 Qd5+ 49. Kh2 Qd6+ 50. Kg2 Qg6+ 51. Kh2 Rd8 52. Bg3 Rc8 53. Bf2
h5 54. Qe5 Kh7 55. Qe3 Qd6+ 56. Kg2 Qd5+ 57. Kh2 Rg8 58. Bg3 h4 0-1

[Event "Open Portugal 2019"]
[Site "Lisboa POR"]
[Date "2019.02.03"]
[Round "2.5"]
[White "Bernardskiy, Vitaliy"]
[Black "Vasques, António"]
[Result "1-0"]
[WhiteElo "2570"]
[BlackElo "2210"]
[WhiteFideId "14100371"]
[BlackFideId "1908332"]
[WhiteTitle "GM"]
[BlackTitle "FM"]
[WhiteCountry "UKR"]
[BlackCountry "POR"]
[PlyCount "73"]
[EventDate "2019.??.??"]

1. e4 c5 2. Nf3 e6 3. d4 cxd4 4. Nxd4 Nc6 5. Nc3 Qc7 6. g3 a6 7. Bg2 Nge7 8. Nf3
b5 9. O-O Bb7 10. a4 b4 11. Nd5 Nxd5 12. exd5 Na5 13. Bf4 Qc5 14. Ng5 Rc8 15. c3
bxc3 16. bxc3 Be7 17. Ne4 Qc4 18. Qg4 g6 19. Nd2 Qc5 20. Be3 h5 21. Qd1 Qxc3 22.
Nf3 Nb3 23. dxe6 dxe6 24. Rb1 Bd5 25. Nd4 Nc5 26. Bxd5 exd5 27. Nc6 Ne6 28. Rc1
Qb2 29. Qxd5 Bf6 30. Qd6 h4 31. g4 h3 32. g5 Bd8 33. Rfe1 Rh4 34. Bc5 Rg4+ 35.
Kf1 Qb3 36. Qf8+ Kd7 37. Ne5+ 1-0

[Event "Open Portugal 2019"]
[Site "Lisboa POR"]
[Date "2019.02.03"]
[Round "2.6"]
[White "Nielsen, André"]
[Black "Xu, Xiangyu"]
[Result "0-1"]
[WhiteElo "2201"]
[BlackElo "2565"]
[WhiteFideId "1518240"]
[BlackFideId "8608288"]
[WhiteTitle "FM"]
[BlackTitle "GM"]
[WhiteCountry "NOR"]
[BlackCountry "CHN"]
[PlyCount "78"]
[EventDate "2019.??.??"]

1. e4 c5 2. Nf3 Nc6 3. d4 cxd4 4. Nxd4 Nf6 5. Nc3 d6 6. Bg5 e6 7. Qd2 a6 8.
O-O-O Bd7 9. f3 Be7 10. h4 h6 11. Be3 h5 12. Bg5 Qc7 13. g4 hxg4 14. fxg4 Nxd4
15. Qxd4 Qc5 16. Qxc5 dxc5 17. Be2 Bc6 18. Bf3 Nd7 19. Bxe7 Kxe7 20. g5 Ne5 21.
Bg2 Rh5 22. Rh3 Rah8 23. Rdh1 Ng6 24. Ne2 Rxh4 25. Rxh4 Rxh4 26. Rxh4 Nxh4 27.
Bh1 Kd6 28. Kd2 Ke5 29. Ke3 Nf5+ 30. exf5 Bxh1 31. fxe6 fxe6 32. Ng3 Bd5 33. b3
g6 34. a4 a5 35. Ne2 Be4 36. c4 Bc2 37. Nc1 Kf5 38. Kd2 Be4 39. Ke3 b6 0-1

[Event "Open Portugal 2019"]
[Site "Lisboa POR"]
[Date "2019.02.03"]
[Round "2.7"]
[White "David, Alberto"]
[Black "Martins, Bruno"]
[Result "1-0"]
[WhiteElo "2560"]
[BlackElo "2204"]
[WhiteFideId "4000013"]
[BlackFideId "1942255"]
[WhiteTitle "GM"]
[BlackTitle "NM"]
[WhiteCountry "ITA"]
[BlackCountry "POR"]
[PlyCount "59"]
[EventDate "2019.??.??"]

1. d4 Nf6 2. c4 c5 3. d5 b5 4. cxb5 a6 5. e3 g6 6. Nc3 Bg7 7. a4 O-O 8. Nf3 Bb7
9. Ra3 e6 10. dxe6 fxe6 11. Qd6 axb5 12. Bxb5 Ne4 13. Nxe4 Bxe4 14. Qg3 Rf5 15.
h4 d5 16. Ng5 Be5 17. f4 Rxg5 18. hxg5 Bd6 19. O-O c4 20. Rc3 Na6 21. b3 Bb4 22.
Bb2 Qa5 23. Rfc1 Nc5 24. f5 Bxf5 25. Qe5 d4 26. Rxc4 Nxb3 27. Rc8+ Rxc8 28.
Rxc8+ Bf8 29. Rxf8+ Kxf8 30. Ba3+ 1-0

[Event "Open Portugal 2019"]
[Site "Lisboa POR"]
[Date "2019.02.03"]
[Round "2.8"]
[White "Kadric, Denis"]
[Black "Álvarez Serrano, Carlos"]
[Result "1-0"]
[WhiteElo "2545"]
[BlackElo "2201"]
[WhiteFideId "14403803"]
[BlackFideId "22238689"]
[WhiteTitle "GM"]
[WhiteCountry "BIH"]
[BlackCountry "ESP"]
[PlyCount "45"]
[EventDate "2019.??.??"]

1. e4 c5 2. Nc3 d6 3. f4 g6 4. Nf3 Bg7 5. Bb5+ Bd7 6. Bc4 Nc6 7. d3 Nd4 8. Nxd4
cxd4 9. Ne2 Bc6 10. Bb3 Nh6 11. O-O e6 12. Qe1 a5 13. a3 O-O 14. Qf2 Ng4 15. Qg3
Ne3 16. Bxe3 dxe3 17. Rab1 a4 18. Ba2 Qb6 19. f5 exf5 20. exf5 Be5 21. Qh4 gxf5
22. Rxf5 Qd8 23. Qh6 1-0

[Event "Open Portugal 2019"]
[Site "Lisboa POR"]
[Date "2019.02.03"]
[Round "2.9"]
[White "Costa, Paulo"]
[Black "Annaberdiev, Meilis"]
[Result "0-1"]
[WhiteElo "2200"]
[BlackElo "2522"]
[WhiteFideId "1900900"]
[BlackFideId "14000563"]
[WhiteTitle "NM"]
[BlackTitle "IM"]
[WhiteCountry "POR"]
[BlackCountry "TKM"]
[PlyCount "96"]
[EventDate "2019.??.??"]

1. Nf3 c5 2. g3 Nc6 3. Bg2 g6 4. O-O Bg7 5. c4 e5 6. Nc3 Nge7 7. d3 O-O 8. Ne1
d6 9. Nc2 Be6 10. Ne3 Qd7 11. Ned5 Bh3 12. e3 Bxg2 13. Kxg2 Nxd5 14. cxd5 Ne7
15. e4 b5 16. Be3 f5 17. f3 f4 18. Bf2 h5 19. gxf4 Rxf4 20. Be3 Rf7 21. Qd2 Raf8
22. Rf2 Kh7 23. Raf1 Bf6 24. Bg5 Ng8 25. h3 b4 26. Nd1 Qe7 27. h4 Qd7 28. Bxf6
Rxf6 29. Qg5 Qb5 30. Qd2 Rf4 31. Kg3 Qa4 32. Ne3 Qd7 33. Ng2 Rxf3+ 34. Rxf3 Qg4+
35. Kh2 Rxf3 36. Rxf3 Qxf3 37. Qg5 Nf6 38. Ne3 Qf2+ 39. Kh1 a6 40. a4 b3 41. a5
Ng8 42. Nc4 Qf1+ 43. Kh2 Nf6 44. Ne3 Qf2+ 45. Kh1 c4 46. dxc4 Ng8 47. c5 Qxb2
48. Nf5 Qc2 0-1

[Event "Open Portugal 2019"]
[Site "Lisboa POR"]
[Date "2019.02.03"]
[Round "2.10"]
[White "Jakubowski, Krzystof"]
[Black "Li, Yunshan"]
[Result "1-0"]
[WhiteElo "2514"]
[BlackElo "2196"]
[WhiteFideId "1112848"]
[BlackFideId "8607664"]
[WhiteTitle "GM"]
[BlackTitle "WFM"]
[WhiteCountry "POL"]
[BlackCountry "CHN"]
[PlyCount "103"]
[EventDate "2019.??.??"]

1. e4 e5 2. Nf3 Nf6 3. Nxe5 d6 4. Nf3 Nxe4 5. Qe2 Qe7 6. d3 Nf6 7. Nc3 Qxe2+ 8.
Bxe2 g6 9. Bf4 Bg7 10. O-O-O O-O 11. Rhe1 Re8 12. d4 a6 13. Bc4 b5 14. Nd5 Rxe1
15. Rxe1 Bd7 16. Nxc7 Ra7 17. Bxf7+ Kxf7 18. Bxd6 Bf8 19. Ng5+ Kg8 20. Bxf8 Kxf8
21. Nce6+ Kg8 22. Nc5 h6 23. Nge4 Nxe4 24. Rxe4 Kf7 25. f3 Bc6 26. Re6 Re7 27.
Rd6 Be8 28. Kd2 a5 29. c3 Nc6 30. f4 Rc7 31. g4 Ne7 32. Nd3 Kg7 33. Ne5 Nc6 34.
d5 Ne7 35. Kd3 Bf7 36. Nxf7 Kxf7 37. b3 Ke8 38. Kd4 h5 39. h4 Rd7 40. Rxd7 Kxd7
41. Kc5 Ng8 42. Kxb5 Nf6 43. c4 Nxg4 44. Kxa5 Ne3 45. Kb6 Kc8 46. a4 Ng2 47. a5
Nxf4 48. a6 Kb8 49. d6 g5 50. d7 Ne6 51. c5 g4 52. c6 1-0

[Event "Open Portugal 2019"]
[Site "Lisboa POR"]
[Date "2019.02.03"]
[Round "2.11"]
[White "Ermeni, Avni"]
[Black "Stefansson, Hannes"]
[Result "0-1"]
[WhiteElo "2194"]
[BlackElo "2514"]
[WhiteFideId "912840"]
[BlackFideId "2300087"]
[WhiteTitle "FM"]
[BlackTitle "GM"]
[WhiteCountry "KOS"]
[BlackCountry "ISL"]
[PlyCount "60"]
[EventDate "2019.??.??"]

1. c4 b6 2. Nc3 Bb7 3. e4 c5 4. Nf3 Nf6 5. Bd3 Nc6 6. O-O g6 7. Re1 Bg7 8. b3
O-O 9. Bb2 e6 10. Bf1 d6 11. d3 Qd7 12. Qd2 Rad8 13. Rad1 Ng4 14. Ne2 Nge5 15.
Ng5 h6 16. Nh3 d5 17. Qc1 dxe4 18. dxe4 Nd3 19. Rxd3 Qxd3 20. Nd4 Nb4 21. Re3
Qxe3 22. Qxe3 cxd4 23. Qd2 Nxa2 24. Ba3 d3 25. Bxf8 Bxf8 26. f3 Bb4 27. Qxh6
Bc5+ 28. Kh1 d2 29. Ng5 Rd7 30. Nh7 Be7 0-1

[Event "Open Portugal 2019"]
[Site "Lisboa POR"]
[Date "2019.02.03"]
[Round "2.12"]
[White "Spraggett, Kevin"]
[Black "Lindbøl, Aleksander"]
[Result "1-0"]
[WhiteElo "2513"]
[BlackElo "2190"]
[WhiteFideId "2600013"]
[BlackFideId "1520644"]
[WhiteTitle "GM"]
[WhiteCountry "CAN"]
[BlackCountry "NOR"]
[PlyCount "63"]
[EventDate "2019.??.??"]

1. e4 c6 2. Nc3 d5 3. Nf3 Bg4 4. h3 Bxf3 5. Qxf3 Nf6 6. d3 e6 7. a3 Nbd7 8. g3
Bd6 9. Bg2 Qc7 10. Qe2 O-O-O 11. Bd2 d4 12. Nd1 e5 13. b4 h5 14. h4 Kb8 15. Nb2
c5 16. b5 Nb6 17. Ba5 Qd7 18. a4 Bc7 19. Bxb6 axb6 20. Bh3 Qe7 21. Nc4 Ne8 22.
a5 Qf6 23. axb6 Bxb6 24. O-O Rh6 25. f4 exf4 26. Rxf4 Qe7 27. Qf3 Nc7 28. Rxf7
Qe8 29. e5 Rg6 30. Kh2 Qxb5 31. Bg2 Ba7 32. Rxc7 1-0

[Event "Open Portugal 2019"]
[Site "Lisboa POR"]
[Date "2019.02.03"]
[Round "2.13"]
[White "Santos, José Gulherme"]
[Black "Dvirnyy, Danyyil"]
[Result "0-1"]
[WhiteElo "2191"]
[BlackElo "2487"]
[WhiteFideId "1939300"]
[BlackFideId "817570"]
[BlackTitle "GM"]
[WhiteCountry "POR"]
[BlackCountry "ITA"]
[PlyCount "98"]
[EventDate "2019.??.??"]

1. e4 e6 2. d4 d5 3. Nc3 Nf6 4. Bg5 Be7 5. e5 Nfd7 6. h4 h6 7. Bxe7 Qxe7 8. Qg4
O-O 9. O-O-O c5 10. dxc5 Nxe5 11. Qg3 Ned7 12. Nf3 Nxc5 13. h5 Nbd7 14. Rh4 Nf6
15. Qe5 Rd8 16. Bd3 Ncd7 17. Qe3 Qc5 18. Qe2 e5 19. Nxe5 Nxe5 20. Qxe5 Qxf2 21.
Rf4 Qg3 22. Be2 d4 23. Rd3 Qh2 24. Rdxd4 Bg4 25. Bxg4 Nxg4 26. Qe1 Rxd4 27. Rxd4
Qxg2 28. Nd5 Rf8 29. Nf4 Qc6 30. Nd5 Kh8 31. Qe7 Re8 32. Qxf7 Ne5 33. Qf1 b5 34.
Qd1 a5 35. Nf4 Qf6 36. Qf1 Qg5 37. b3 Rf8 38. Kb1 Kh7 39. Qc1 Nf3 40. Re4 Qf5
41. Ng6 Rd8 42. Rf4 Qxh5 43. Nf8+ Kg8 44. Ne6 Nd2+ 45. Ka1 Qe5+ 46. c3 Qxe6 47.
Qc2 Qe1+ 48. Kb2 Nc4+ 49. Rxc4 bxc4 0-1

[Event "Open Portugal 2019"]
[Site "Lisboa POR"]
[Date "2019.02.03"]
[Round "2.15"]
[White "Maisuradze, Nino"]
[Black "Bilgüün, Sumiya"]
[Result "0-1"]
[WhiteElo "2186"]
[BlackElo "2471"]
[WhiteFideId "13601717"]
[BlackFideId "4901541"]
[WhiteTitle "WGM"]
[BlackTitle "IM"]
[WhiteCountry "FRA"]
[BlackCountry "MGL"]
[PlyCount "90"]
[EventDate "2019.??.??"]

1. d4 Nf6 2. c4 e6 3. Nc3 Bb4 4. Qc2 O-O 5. a3 Bxc3+ 6. Qxc3 b6 7. Nf3 Bb7 8. g3
d6 9. Bg2 Nbd7 10. O-O Qe7 11. b4 a6 12. Bb2 Rfc8 13. Rfd1 Rab8 14. Nd2 Bxg2 15.
Kxg2 c5 16. e4 e5 17. dxe5 Nxe5 18. b5 axb5 19. cxb5 Qb7 20. f3 Re8 21. Re1 d5
22. Rad1 h5 23. Qc2 dxe4 24. Bxe5 Rxe5 25. Nxe4 Qe7 26. Nxf6+ Qxf6 27. Rxe5 Qxe5
28. a4 g6 29. Rd2 Re8 30. Rd1 Ra8 31. Rd7 Qe6 32. Qd1 Kg7 33. Qd5 Qe2+ 34. Kg1
Rf8 35. f4 Qe1+ 36. Kg2 Qe2+ 37. Kg1 c4 38. Qd4+ Kg8 39. Qd2 Qe4 40. Rd8 Rxd8
41. Qxd8+ Kg7 42. Qxb6 c3 43. Kf2 Qc2+ 44. Ke3 Qd2+ 45. Ke4 c2 0-1

[Event "Open Portugal 2019"]
[Site "Lisboa POR"]
[Date "2019.02.03"]
[Round "2.16"]
[White "Miezis, Normunds"]
[Black "Newrkla, Katharina"]
[Result "1/2-1/2"]
[WhiteElo "2467"]
[BlackElo "2180"]
[WhiteFideId "11600136"]
[BlackFideId "1621629"]
[WhiteTitle "GM"]
[BlackTitle "WIM"]
[WhiteCountry "LAT"]
[BlackCountry "AUT"]
[PlyCount "84"]
[EventDate "2019.??.??"]

1. c4 Nf6 2. Nc3 g6 3. g3 Bg7 4. Bg2 O-O 5. e4 d6 6. Nge2 c5 7. O-O Nc6 8. d3
Rb8 9. a3 a6 10. Rb1 b5 11. cxb5 axb5 12. b4 Ba6 13. h3 Nd7 14. Bg5 h6 15. Be3
Nd4 16. Qd2 Kh7 17. f4 Bb7 18. Rfc1 Bc6 19. bxc5 dxc5 20. Bxd4 cxd4 21. Na2 Ba8
22. Nb4 e5 23. Nc6 Bxc6 24. Rxc6 h5 25. Kh1 h4 26. f5 hxg3 27. Rf1 Qh4 28. Rf3
Rbc8 29. Qc2 Rxc6 30. Qxc6 Nf6 31. Qxb5 Qh6 32. Qb2 Ng4 33. Kg1 Ne3 34. f6 Bh8
35. Nxg3 Rc8 36. Qb7 Rc1+ 37. Bf1 Qg5 38. Qxf7+ Kh6 39. Qf8+ Kh7 40. Qf7+ Kh6
41. Qf8+ Kh7 42. Qf7+ Kh6 1/2-1/2

[Event "Open Portugal 2019"]
[Site "Lisboa POR"]
[Date "2019.02.03"]
[Round "2.17"]
[White "Borges, Guilherme Deola"]
[Black "Terrieux, Kevin"]
[Result "1/2-1/2"]
[WhiteElo "2181"]
[BlackElo "2459"]
[WhiteFideId "2109085"]
[BlackFideId "622591"]
[BlackTitle "IM"]
[WhiteCountry "BRA"]
[BlackCountry "FRA"]
[PlyCount "50"]
[EventDate "2019.??.??"]

1. d4 e6 2. c4 b6 3. Nc3 Bb7 4. e4 Bb4 5. Bd3 f5 6. d5 Qf6 7. Nge2 Na6 8. O-O
Ne7 9. a3 Bxc3 10. Nxc3 O-O 11. Bc2 Nc5 12. Be3 Nxe4 13. Nxe4 fxe4 14. Bxe4 Nf5
15. Qc2 Rae8 16. Bxf5 Qxf5 17. Qxf5 Rxf5 18. dxe6 Rxe6 19. Rfd1 d6 20. Rd4 Rg6
21. g3 Re6 22. Rc1 Kf7 23. b4 Bf3 24. c5 dxc5 25. bxc5 Bc6 1/2-1/2

[Event "Open Portugal 2019"]
[Site "Lisboa POR"]
[Date "2019.02.03"]
[Round "2.18"]
[White "Butkiewicz, Lukasz"]
[Black "Poysti, Nathanael"]
[Result "1/2-1/2"]
[WhiteElo "2445"]
[BlackElo "2172"]
[WhiteFideId "1122428"]
[BlackFideId "24622133"]
[WhiteTitle "IM"]
[WhiteCountry "POL"]
[BlackCountry "GER"]
[PlyCount "57"]
[EventDate "2019.??.??"]

1. d4 Nf6 2. g3 b5 3. Bg2 d5 4. Nf3 e6 5. O-O Be7 6. c3 O-O 7. b3 c5 8. a4 b4 9.
cxb4 cxb4 10. Ne5 Ba6 11. Nd2 Qb6 12. Ndc4 Qb7 13. Bf4 Rc8 14. Re1 Nc6 15. Nxc6
Qxc6 16. Rc1 Qd7 17. Ne5 Qb7 18. Qd2 Rc3 19. Qb2 Rac8 20. Bf3 Ne4 21. Bxe4 dxe4
22. Bd2 Rxc1 23. Rxc1 Rxc1+ 24. Qxc1 Bxe2 25. Qc6 Qxc6 26. Nxc6 Kf8 27. Nxa7 Bd1
28. Nc6 Bxb3 29. Nxe7 1/2-1/2

[Event "Open Portugal 2019"]
[Site "Lisboa POR"]
[Date "2019.02.03"]
[Round "2.19"]
[White "Tscharotschkin, Michael"]
[Black "Yankelevich, Lev"]
[Result "0-1"]
[WhiteElo "2178"]
[BlackElo "2445"]
[WhiteFideId "4619510"]
[BlackFideId "24684074"]
[BlackTitle "IM"]
[WhiteCountry "GER"]
[BlackCountry "GER"]
[PlyCount "46"]
[EventDate "2019.??.??"]

1. d4 Nf6 2. Nf3 c5 3. e3 g6 4. g3 Bg7 5. Bg2 O-O 6. O-O d5 7. b3 cxd4 8. exd4
Nc6 9. Bb2 Bf5 10. c3 b5 11. Ne5 Nxe5 12. dxe5 Ng4 13. a4 Nxe5 14. axb5 e6 15.
c4 Bg4 16. Qd2 Bh3 17. Re1 d4 18. Bxd4 Nxc4 19. bxc4 Bxd4 20. Ra3 Bxg2 21. Kxg2
Rc8 22. Rd1 Rxc4 23. Rxa7 Qd5+ 0-1

[Event "Open Portugal 2019"]
[Site "Lisboa POR"]
[Date "2019.02.03"]
[Round "2.20"]
[White "Dâmaso, Rui"]
[Black "Santos, António P"]
[Result "1-0"]
[WhiteElo "2439"]
[BlackElo "2162"]
[WhiteFideId "1900030"]
[BlackFideId "1900161"]
[WhiteTitle "IM"]
[BlackTitle "FM"]
[WhiteCountry "POR"]
[BlackCountry "POR"]
[PlyCount "77"]
[EventDate "2019.??.??"]

1. d4 Nf6 2. Bf4 d5 3. e3 c5 4. c3 Nc6 5. Nd2 e6 6. Ngf3 Bd6 7. Bg3 O-O 8. Bb5
a6 9. Bxc6 bxc6 10. Qa4 Bxg3 11. hxg3 cxd4 12. cxd4 Qb6 13. Qc2 h6 14. Ne5 Bb7
15. O-O Rfc8 16. Nb3 a5 17. Rfc1 Ba6 18. Qc5 Qxc5 19. Nxc5 Rc7 20. Rc3 Bc8 21.
Rb3 Ne8 22. Rb6 Nd6 23. Rc1 f6 24. Rxc6 fxe5 25. Rxc7 exd4 26. Na4 dxe3 27. Nb6
e2 28. Nxc8 Rxc8 29. Rxc8+ Nxc8 30. Re1 Kf7 31. Rxe2 Nd6 32. Rc2 d4 33. Kf1 e5
34. Rc5 Ke6 35. Rxa5 Nc4 36. Rb5 Nd6 37. Rb8 e4 38. a4 Nc4 39. b3 1-0